<?xml version="1.0" encoding="UTF-8"?>
<collection xmlns="http://www.loc.gov/MARC21/slim">
 <record>
  <leader>01234nam a22002057a 4500</leader>
  <controlfield tag="001">NCT_57636</controlfield>
  <controlfield tag="008">190114b        xxu||||| |||| 00| 0 vie d</controlfield>
  <datafield tag="999" ind1=" " ind2=" ">
   <subfield code="c">2786</subfield>
   <subfield code="d">2786</subfield>
  </datafield>
  <datafield tag="020" ind1=" " ind2=" ">
   <subfield code="a">9786045120286</subfield>
   <subfield code="c">61000</subfield>
  </datafield>
  <datafield tag="082" ind1=" " ind2=" ">
   <subfield code="2">23rd ed.</subfield>
   <subfield code="a">390.9597</subfield>
   <subfield code="b">S464</subfield>
  </datafield>
  <datafield tag="100" ind1="1" ind2=" ">
   <subfield code="a">Đào Sơn Nam</subfield>
   <subfield code="e">Chủ biên</subfield>
  </datafield>
  <datafield tag="245" ind1="1" ind2="0">
   <subfield code="a">Góp phần tìm hiểu một số phong tục tập quán các dân tộc thiểu số ở Việt Nam :</subfield>
   <subfield code="b">Sách tham khảo</subfield>
   <subfield code="c">Đào Sơn Nam (chủ biên) ; Đào Thị Ngọc Hồ</subfield>
  </datafield>
  <datafield tag="260" ind1=" " ind2=" ">
   <subfield code="a">H.</subfield>
   <subfield code="b">Quân đội Nhân dân</subfield>
   <subfield code="c">2016</subfield>
  </datafield>
  <datafield tag="300" ind1=" " ind2=" ">
   <subfield code="a">244 tr.</subfield>
   <subfield code="c">21cm</subfield>
  </datafield>
  <datafield tag="520" ind1="3" ind2=" ">
   <subfield code="a">Sách giới thiệu bạn đọc về phong tục tập quán, văn hóa của các dân tộc thiểu số trong đón tết, trong gia đình, sinh hoạt cộng đồng, trong sinh nở, cưới hỏi và tang ma, ca múa nhân gian, nhạc khí, ....</subfield>
  </datafield>
  <datafield tag="653" ind1=" " ind2=" ">
   <subfield code="a">Quản trị DV Du lịch và Lữ hành</subfield>
  </datafield>
  <datafield tag="700" ind1="1" ind2=" ">
   <subfield code="a">Đào Thị Ngọc Hồ</subfield>
  </datafield>
  <datafield tag="942" ind1=" " ind2=" ">
   <subfield code="2">ddc</subfield>
   <subfield code="c">BK</subfield>
  </datafield>
  <datafield tag="952" ind1=" " ind2=" ">
   <subfield code="0">0</subfield>
   <subfield code="1">0</subfield>
   <subfield code="2">ddc</subfield>
   <subfield code="4">0</subfield>
   <subfield code="6">390_959700000000000_S464</subfield>
   <subfield code="7">0</subfield>
   <subfield code="9">15228</subfield>
   <subfield code="a">000001</subfield>
   <subfield code="b">000001</subfield>
   <subfield code="d">2019-01-14</subfield>
   <subfield code="o">390.9597 S464</subfield>
   <subfield code="p">MD.14156</subfield>
   <subfield code="r">2019-01-14</subfield>
   <subfield code="v">61000.00</subfield>
   <subfield code="w">2019-01-14</subfield>
   <subfield code="y">BK</subfield>
  </datafield>
  <datafield tag="980" ind1=" " ind2=" ">
   <subfield code="a">Thư viện Trường Đại học Nam Cần Thơ</subfield>
  </datafield>
 </record>
</collection>
